=LDR 00000nam 2200000 4500 =001 INLIS000000000006880 =005 20130612094952 =008 ***********************************Ind** =035 ##$$0010-061300000006880 =041 ##$$a Ind =082 ##$$a 519.5 =090 ##$$a 519.5, Sup b =100 ##$$a Suparman, I.A =245 ##$$a Sejarah perkembangan sosiometri, I.A. Suparman, M.Sc =260 ##$$a 1987 $b Jakarta =300 ##$$a 30 hlm., 21 cm =650 ##$$a Sosiometri